| 000 | 00850nas a2200265 4500 | ||
|---|---|---|---|
| 001 | BR9507444 | ||
| 003 | BR-BrBNA | ||
| 005 | 20231205095438.0 | ||
| 007 | ta | ||
| 008 | 230509b bl.|||p| |||| 00| 00por d | ||
| 040 |
_aBR-BrBNA _bpor _cBiblioteca Nacional de Agricultura |
||
| 041 | _a(Pt) | ||
| 072 | _aL73 | ||
| 100 | 1 | _aCosta, H.M.A. | |
| 100 | 1 | _aFreitas, M.G. | |
| 245 | 1 | _aDipetalonema reconditum (Grassi, 1890)e dipetalonema Grassii (Noe, 1907)em caes de Minas Gerais (Nematoda-Filarioidea) | |
| 650 | _aCao | ||
| 650 | _aDirofilariose | ||
| 650 | _aNematoide | ||
| 650 | _aDoenca Animal | ||
| 650 | _aMinas Gerais | ||
| 773 | 0 |
_tArquivos da Escola de Veterinaria da Universidade Rural do Estado de Minas Gerais (Brasil) _x _g1962, v. 14 p. 92-101 _wBR9507444 |
|
| 909 |
_a202311 _bLúcia _c55 _dLúcia Elande |
||
| 942 |
_2AGRIS _n0 _cANA |
||
| 999 |
_c150711 _d150711 |
||